<?xml version="1.0" encoding="UTF-8"?>
<record
    xmlns:xsi="http://www.w3.org/2001/XMLSchema-instance"
    xsi:schemaLocation="http://www.loc.gov/MARC21/slim http://www.loc.gov/standards/marcxml/schema/MARC21slim.xsd"
    xmlns="http://www.loc.gov/MARC21/slim">

  <leader>00770nam a2200253 a 4500</leader>
  <controlfield tag="001">BRL_1871</controlfield>
  <controlfield tag="005">20190320211416.0</controlfield>
  <controlfield tag="008">110815s1965----sp-a######---#000-0#spa-#</controlfield>
  <datafield tag="041" ind1=" " ind2=" ">
    <subfield code="a">spa</subfield>
  </datafield>
  <datafield tag="044" ind1=" " ind2=" ">
    <subfield code="a">sp</subfield>
  </datafield>
  <datafield tag="050" ind1=" " ind2="4">
    <subfield code="a">PR3561.S7</subfield>
    <subfield code="b">.M55 1965</subfield>
  </datafield>
  <datafield tag="100" ind1="1" ind2=" ">
    <subfield code="a">Milton, John</subfield>
    <subfield code="d">1608-1674</subfield>
    <subfield code="9">28089</subfield>
  </datafield>
  <datafield tag="245" ind1="1" ind2="0">
    <subfield code="a">El paraiso perdido</subfield>
    <subfield code="c">texto John Milton : ilustraciones Gustavo Dor&#xE9; : traductor Don Juan Escoiquiz.</subfield>
  </datafield>
  <datafield tag="250" ind1=" " ind2=" ">
    <subfield code="a">3a ed.</subfield>
  </datafield>
  <datafield tag="260" ind1=" " ind2=" ">
    <subfield code="a">Barcelona, Espa&#xF1;a</subfield>
    <subfield code="b">Editorial Maucci</subfield>
    <subfield code="c">1965</subfield>
  </datafield>
  <datafield tag="300" ind1=" " ind2=" ">
    <subfield code="a">548 p.</subfield>
    <subfield code="b">il.</subfield>
    <subfield code="c">18 cm.</subfield>
  </datafield>
  <datafield tag="500" ind1=" " ind2=" ">
    <subfield code="a">Au2100</subfield>
  </datafield>
  <datafield tag="650" ind1="1" ind2="4">
    <subfield code="a">Filosofia inglesa</subfield>
    <subfield code="y">Siglo XVII</subfield>
    <subfield code="9">28090</subfield>
  </datafield>
  <datafield tag="650" ind1="1" ind2="4">
    <subfield code="a">Prosa inglesa</subfield>
    <subfield code="y">Siglo XVII</subfield>
    <subfield code="9">28091</subfield>
  </datafield>
  <datafield tag="700" ind1="1" ind2=" ">
    <subfield code="a">Dor&#xE9;, Gustavo</subfield>
    <subfield code="e">il.</subfield>
    <subfield code="9">28092</subfield>
  </datafield>
  <datafield tag="700" ind1="1" ind2=" ">
    <subfield code="a">Escoiquiz, Juan</subfield>
    <subfield code="e">tr.</subfield>
    <subfield code="9">28093</subfield>
  </datafield>
  <datafield tag="902" ind1=" " ind2=" ">
    <subfield code="a">GRL</subfield>
  </datafield>
  <datafield tag="942" ind1=" " ind2=" ">
    <subfield code="2">lcc</subfield>
    <subfield code="c">B</subfield>
  </datafield>
  <datafield tag="999" ind1=" " ind2=" ">
    <subfield code="c">10679</subfield>
    <subfield code="d">10679</subfield>
  </datafield>
  <datafield tag="952" ind1=" " ind2=" ">
    <subfield code="0">0</subfield>
    <subfield code="1">0</subfield>
    <subfield code="4">0</subfield>
    <subfield code="7">0</subfield>
    <subfield code="a">BRL</subfield>
    <subfield code="b">BRL</subfield>
    <subfield code="d">2015-08-11</subfield>
    <subfield code="i">Au2100</subfield>
    <subfield code="l">0</subfield>
    <subfield code="o">PR3561.S7 .M55 1965 (Au2100)</subfield>
    <subfield code="p">GRL02058</subfield>
    <subfield code="r">2019-03-22 00:00:00</subfield>
    <subfield code="w">2019-03-22</subfield>
    <subfield code="y">B</subfield>
  </datafield>
</record>
